|
|
|
|
| LEADER |
00000cam a2200000 a 4500 |
| 001 |
vtls001448369 |
| 003 |
SK-MaSNL |
| 005 |
20260301181846.0 |
| 008 |
240226s2002 xo grdn 000 0 slo |
| 015 |
|
|
|a SNBA2003/08-02497
|
| 020 |
|
|
|a 8080556067
|q (brožované)
|
| 035 |
|
|
|a SNK000403633
|
| 035 |
|
|
|a urn:nbn:sk:snk-am3j0mp
|
| 035 |
|
|
|a 38A6F403-F8BA-49BA-BA10-F388E2CB852A
|
| 035 |
|
|
|a urn:nbn:sk:snk-am00ge7g
|
| 040 |
|
|
|a SNK
|b slo
|c SNK
|e AACR2
|
| 041 |
0 |
|
|a slo
|a ger
|
| 043 |
|
|
|a e-xo---
|
| 044 |
|
|
|a xo
|c SK
|
| 072 |
|
7 |
|a 81
|x Lingvistika. Jazyky
|2 konspekt
|
| 072 |
|
7 |
|a 338.3/.4
|x Hospodárske a výrobné odvetvia
|2 konspekt
|
| 072 |
|
7 |
|a 640.4
|x Hotelierstvo. Stravovanie
|2 konspekt
|
| 080 |
|
|
|a 338.48
|2 2011
|
| 080 |
|
|
|a 640.4
|2 2011
|
| 080 |
|
|
|a 811.162.4
|2 2011
|
| 080 |
|
|
|a 811.112.2
|2 2011
|
| 080 |
|
|
|a (038)81
|2 2011
|
| 080 |
|
|
|a 81'374.8-022.2
|2 2011
|
| 100 |
1 |
|
|a Bohušová, Eva
|4 aut
|9 7108
|
| 245 |
1 |
0 |
|a Slovensko-nemecký a nemecko-slovenský slovník cestovného ruchu a hoteliérstva
|c Eva Bohušová, Miriam Olejárová
|
| 250 |
|
|
|a 1. vyd.
|
| 260 |
|
|
|a Banská Bystrica
|b Univerzita Mateja Bela
|c 2001
|
| 300 |
|
|
|a 151 strán
|c 21 cm
|
| 366 |
|
|
|e 200 kusov
|
| 500 |
|
|
|a Vydala Univerzita Mateja Bela v Banskej Bystrici, Ekonomická fakulta
|
| 504 |
|
|
|a Bibliografia na strane 151
|
| 546 |
|
|
|a Text slovensky, súbežne nemecky
|
| 650 |
0 |
7 |
|a cestovný ruch
|2 SNKPH
|9 999
|
| 650 |
0 |
7 |
|a hotelierstvo
|2 SNKPH
|9 16510
|
| 650 |
0 |
7 |
|a slovenčina
|2 SNKPH
|9 1350
|
| 650 |
0 |
7 |
|a nemčina
|2 SNKPH
|9 1384
|
| 655 |
|
7 |
|a jazykové slovníky
|2 SNKPH
|9 70525
|
| 655 |
|
7 |
|a dvojjazyčné slovníky
|2 SNKPH
|9 73034
|
| 655 |
|
7 |
|a prekladové slovníky
|2 SNKPH
|9 78678
|
| 655 |
|
7 |
|a terminologické slovníky
|2 SNKPH
|9 70504
|
| 700 |
1 |
|
|a Olejárová, Miriam,
|d 1951-
|4 aut
|9 111278
|
| 710 |
2 |
|
|a Univerzita Mateja Bela v Banskej Bystrici.
|b Ekonomická fakulta
|4 pbl
|
| 919 |
|
|
|a 80-8055-606-7
|
| 958 |
|
|
|a TL
|
| 958 |
|
|
|a NB
|
| 958 |
|
|
|a OND
|
| 999 |
|
|
|c 851539
|d 853469
|
| 952 |
|
|
|t P60, <03>, [BOOK], {603}
|a SNK
|b SNK
|y PREZ
|7 0
|p 17A0372298
|o snkSC 110579
|i snkKSP 1233/2003
|0 0
|1 0
|4 0
|d 2003-01-29
|f 1
|l 0
|r 2025-10-01 00:00:00
|w 2026-02-24
|
| 952 |
|
|
|t snkBOH 338.48(038)
|a SNKUST
|b SNKUST
|y PREZ
|7 0
|p 17A0372299
|o snkSC 110579 D1
|i snkKSP 1234/2003
|0 0
|1 0
|4 0
|d 2003-01-29
|l 0
|r 2025-05-29 00:00:00
|w 2026-02-24
|